| 000 | 00738nam a22002177a 4500 | ||
|---|---|---|---|
| 003 | BUBTL | ||
| 008 | 230316b ||||| |||| 00| 0 eng d | ||
| 020 | _a9781444333275 | ||
| 082 | _a803/ C893d/ 2013 | ||
| 100 |
_95222 _aCuddon, J. A. |
||
| 245 |
_aA dictionary of literary terms and literary theory/ / _cJ. A. Cuddon |
||
| 250 | _a5th Edn | ||
| 260 |
_aUnited Kingdom: _bWiley-Blackwell _cc2013 |
||
| 300 |
_axviii, 784 p.: _c25 cm. |
||
| 500 | _aIncludes bibliographical references and index | ||
| 505 | _aA dictionary of literary terms and literary theory, J. A. Cuddon, English Literature, English | ||
| 650 | 0 |
_91994 _aEnglish Literature |
|
| 856 |
_k0 _l0 _yDownload |
||
| 942 |
_2ddc _cBK |
||
| 999 |
_c6980 _d6980 |
||